000 00599nam a22001817a 4500
999 _c9373
_d9373
008 210408b ||||| |||| 00| 0 eng d
040 _aBMS College of Architecture
100 _aKumar, B S Vinod
245 _aPromoting pedestrian and bicycle facilities (In Bangalore city Centre (CBD)
300 _a70p.
500 _a1BM14AHD11
502 _8M,Arch
_NBMS College of Architecture, Visvesvaraya Technological University
_aDissertation
_d2016
650 _aNA
700 _aMamatha P Raj
_eGuide
700 _aSadashiv Chakravarthy
_eGuide
700 _aRachana Suraj
_eGuide
942 _2ddc
_cPGTHE